青森県の市町村(1968年) - Statistics

General Stats
  • This quiz has been taken 22 times
  • The average score is 51 of 67
Answer Stats
コード 市町村 備考 % Correct
02201 青森市
100%
02202 弘前市
100%
02204 黒石市
100%
02206 十和田市
100%
02203 八戸市
94%
02205 五所川原市
94%
02207 三沢市
94%
02208 むつ市
94%
02406 上北郡横浜町
88%
02423 下北郡大間町
88%
02426 下北郡佐井村
88%
02441 三戸郡三戸町
88%
02443 三戸郡田子町
88%
02321 西津軽郡鰺ヶ沢町
82%
02323 西津軽郡深浦町
82%
02362 南津軽郡大鰐町
82%
02401 上北郡野辺地町
82%
02402 上北郡七戸町
82%
02405 上北郡六戸町
82%
02408 上北郡東北町
82%
02411 上北郡六ヶ所村
82%
02424 下北郡東通村
82%
02425 下北郡風間浦村
82%
02442 三戸郡五戸町
82%
02445 三戸郡南部町
82%
02446 三戸郡階上村 1980年昇格
82%
02448 三戸郡南郷村 2005年消滅
82%
02450 三戸郡新郷村
82%
02343 中津軽郡西目屋村
76%
02368 南津軽郡碇ケ関村 2006年消滅
76%
02407 上北郡上北町 2005年消滅
76%
02409 上北郡天間林村 2005年消滅
76%
02421 下北郡川内町 2005年消滅
76%
02422 下北郡大畑町 2005年消滅
76%
02427 下北郡脇野沢村 2005年消滅
76%
02302 東津軽郡蟹田町 2005年消滅
71%
02303 東津軽郡今別町
71%
02304 東津軽郡蓬田村
71%
02322 西津軽郡木造町 2005年消滅
71%
02325 西津軽郡岩崎村 2005年消滅
71%
02328 西津軽郡車力村 2005年消滅
71%
02365 南津軽郡平賀町 2006年消滅
71%
02367 南津軽郡田舎館村
71%
02381 北津軽郡板柳町
71%
02383 北津軽郡中里町 2005年消滅
71%
02403 上北郡百石町 2006年消滅
71%
02410 上北郡下田村 1969年昇格
71%
02444 三戸郡名川町 2006年消滅
71%
02447 三戸郡福地村 2006年消滅
71%
02449 三戸郡倉石村 2004年消滅
71%
02301 東津軽郡平内町
65%
02305 東津軽郡平舘村 2005年消滅
65%
02306 東津軽郡三厩村 2005年消滅
65%
02324 西津軽郡森田村 2005年消滅
65%
02341 中津軽郡岩木町 2006年消滅
65%
02361 南津軽郡藤崎町
65%
02384 北津軽郡鶴田町
65%
02385 北津軽郡市浦村 2005年消滅
65%
02386 北津軽郡小泊村 2005年消滅
65%
02326 西津軽郡柏村 2005年消滅
59%
02342 中津軽郡相馬村 2006年消滅
59%
02363 南津軽郡尾上町 2006年消滅
59%
02366 南津軽郡常盤村 2005年消滅
59%
02382 北津軽郡金木町 2005年消滅
59%
02404 上北郡十和田町 1975年改称
59%
02327 西津軽郡稲垣村 2005年消滅
53%
02364 南津軽郡浪岡町 2005年消滅
53%
No matching quizzes found
Score Distribution
Percent of People with Each Score
Percentile by Number Answered
Your Score History
You have not taken this quiz